| 000 | 00717nam a22001935i 4500 | ||
|---|---|---|---|
| 001 | 165290 | ||
| 003 | ES-MaACL | ||
| 005 | 20250718062548.0 | ||
| 008 | 050906s1900 xxk | |||||||| ||eng d | ||
| 040 |
_aCAM _bspa _cCAM |
||
| 100 | 1 |
_aShaftesbury, Anthony Ashley Cooper _cEarl of. _9132701 |
|
| 245 | 1 | 0 |
_aCharacteristics of men, manners, opinions, times, etc. / _cby Anthony Earl of Shaftesbury ; edited with an introduction and notes by John M. Robertson. |
| 260 |
_aLondon : _bGrant Richards, _c1900. |
||
| 300 |
_a2 v. (XLIX, 337 ; VII, 373 p.) ; _c21 cm. |
||
| 650 | 7 |
_aÉtica _2embne _912577 |
|
| 700 | 1 |
_aRobertson, John M. _9131888 |
|
| 852 |
_aES-MaACL _jF-1876-77 _z-- Enc. tela |
||
| 999 |
_c165290 _d165290 |
||